Central Library OPAC University of Rajshahi

নাট্যোৎসব / (Record no. 48232)

MARC details
000 -LEADER
fixed length control field 00695nam a2200217 a 4500
001 - CONTROL NUMBER
control field 48232
003 - CONTROL NUMBER IDENTIFIER
rucl marc code BD-RjUL
005 - DATE AND TIME OF LATEST TRANSACTION
control field 20211209054502.0
008 - FIXED-LENGTH DATA ELEMENTS--GENERAL INFORMATION
fixed length control field 160813s1978 bg ||||| |||| 00| 0 ben d
035 ## - SYSTEM CONTROL NUMBER
System control number (BD-RjUL)48351
040 ## - CATALOGING SOURCE
Original cataloging agency BD-RjUL
Language of cataloging ben
Transcribing agency BD-RjUL
041 ## - LANGUAGE CODE
Language code of text/sound track or separate title ben
082 ## - DEWEY DECIMAL CLASSIFICATION NUMBER
Edition number 23
Classification number 792
Author mark and year BAN 1978
110 ## - MAIN ENTRY--CORPORATE NAME
Corporate name or jurisdiction name as entry element বাংলাদেশ শিল্পকলা একাডেমী
9 (RLIN) 130141
245 00 - TITLE STATEMENT
Title নাট্যোৎসব /
260 ## - PUBLICATION, DISTRIBUTION, ETC. (IMPRINT)
Place of publication, distribution, etc. ঢাকা :
Name of publisher, distributor, etc. বাংলা একাডেমী,
Date of publication, distribution, etc. ১৯৭৮
300 ## - PHYSICAL DESCRIPTION
Pagination ৯১ পৃ. :
Illustrations চিত্র ;
Size ২২ সেমি.
650 ## - SUBJECT ADDED ENTRY--TOPICAL TERM
Topical term or geographic name as entry element নাটক
9 (RLIN) 146086
Topical term or geographic name as entry element Drama
9 (RLIN) 146087
942 ## - ADDED ENTRY ELEMENTS (KOHA)
Source of classification or shelving scheme Dewey Decimal Classification
Koha item type Books
Holdings
Lost status Source of classification or shelving scheme Damaged status Not for loan Collection code Permanent Location Current Location Shelving location Date acquired Source of acquisition Cost, normal purchase price Total Checkouts Full call number Date last seen Copy number Koha item type
  Dewey Decimal Classification     Non-fiction Central Library, University of Rajshahi Central Library, University of Rajshahi   19/05/1980 Bangla Academy, Dhaka 2.00   B 792 BAN 1978 13/08/2016 C-2 Books
  Dewey Decimal Classification   Not For Loan Non-fiction Central Library, University of Rajshahi Central Library, University of Rajshahi Reading Room 19/05/1980 Bangla Academy, Dhaka 2.00   B 792 BAN 1978 20/04/2017 C-1 Books